Guess all the cheeto flavors and types - Statistics

General Stats
  • This quiz has been taken 38 times
  • The average score is 4 of 19
Answers on the Grid
Answers color-coded by a green-red scale on the quiz's grid according to % correct below.
crunchy cheese
crunchy ketchup
ketchup bones
cheese puffs
flamin hot
flamin hot puffs
crunchy jalapeno
cheesy
flamin hot pretzels
baked funky cheese
baked flamin hot
cheddar puffcorn
flamin hot popcorn
crunchy flamin hot limon
fantastix chili cheese
xxxtra flamin hot puffs
bolitas cheese
crunchy hot tangy fusion
cheese pizza puffs
pepperjack puffs
flamin hot dill pickle
puffs nashville hot
parmesan puffs
crunchy parmesean
bones
hot fries
puffcorn
sour cream
dirt
puffborn
 
Answer Stats
Answer % Correct
cheese puffs
71%
flamin hot
64%
crunchy jalapeno
57%
cheesy
36%
flamin hot puffs
36%
crunchy cheese
29%
crunchy flamin hot limon
29%
baked flamin hot
21%
flamin hot pretzels
14%
crunchy ketchup
7%
flamin hot dill pickle
7%
flamin hot popcorn
7%
bolitas cheese
0%
bones
0%
cheese pizza puffs
0%
crunchy hot tangy fusion
0%
crunchy parmesean
0%
fantastix chili cheese
0%
parmesan puffs
0%
No matching quizzes found
Score Distribution
Percent of People with Each Score
Percentile by Number Answered
Your Score History
You have not taken this quiz